000 00323nam a2200133Ia 4500
008 191201s2005 xx 000 0 und d
082 _a621.3815
_bRAI
100 _aRANGAN, C S
245 0 _aInstrumentation Devices and Systems
260 _aN.Delhi
_bTMH
_c2005
300 _a549
650 _aB.Tech(ECE)
942 _2ddc
_cBK
999 _c1630
_d1630